Town of Salem Roles by Description - Statistics

General Stats
  • This quiz has been taken 32 times
  • The average score is 29 of 33
Answer Stats
Description Role % Correct
You are the leader of the Town. Mayor
100%
You are a surgeon skilled in trauma care who secretly heals people. Doctor
93%
You are an obsessed lyncher who will stop at nothing to execute your target. Executioner
93%
You are the leader of organized crime. Godfather
93%
You are a prison guard who secretly detains suspects. Jailor
93%
You are a crazed lunatic whose life goal is to be publicly executed. Jester
93%
You are a secret psychic who talks with the dead. Medium
93%
You are a psychotic criminal who wants everyone to die. Serial Killer
93%
You are a neutral character who just wants to live. Survivor
93%
Your job is to transport people without asking any questions. Transporter
93%
You are a paranoid war hero who will shoot anyone who visits him. Veteran
93%
You are a pyromaniac that wants to burn everyone. Arsonist
90%
You are an ex-soldier who secretly makes a living by selling protection. Bodyguard
90%
You are a corrupted investigator who gathers information for the Mafia. Consigliere
90%
You are an eagle-eyed observer, stealthily camping outside houses to gain information. Lookout
90%
You are a member of organized crime, trying to work your way to the top. Mafioso
90%
You are a powerful mystic who will give one person a second chance at life. Retributionist
90%
You are a normal citizen who transforms during the full moon. Werewolf
90%
You are a trauma patient that does not remember who they are. Amnesiac
87%
You are an eavesdropper who uses information to keep people quiet. Blackmailer
87%
You are a beautiful dancer working for organized crime. Consort
87%
You are a beautiful person skilled in distraction. Escort
87%
You are a private eye who secretly gathers information. Investigator
87%
You are among the undead who want to turn others at night. Vampire
87%
You are a sanitation expert working for organized crime. Janitor
83%
You will do whatever it takes to eliminate the vampires. Vampire Hunter
83%
You are a militant cop who takes the law into your own hands. Vigilante
83%
You are a voodoo master who can control other people's actions. Witch
83%
You are a master of disguise who pretends to be other people. Disguiser
80%
You are the law enforcer of the town forced into hiding from threat of murder. Sheriff
80%
You are a crooked lawyer who replaces documents. Forger
73%
You are a skilled counterfeiter who maniplulates information. Framer
73%
You are a talented watcher who keeps track of evil in the Town. Spy
70%
No matching quizzes found
Score Distribution
Percent of People with Each Score
Percentile by Number Answered
Your Score History
You have not taken this quiz